| 000 | 00397nam a2200157Ia 4500 | ||
|---|---|---|---|
| 008 | 230524s9999 xx 000 0 und d | ||
| 082 |
_a621.382 _bVEN |
||
| 100 | _aRamamurthy Venkatesh | ||
| 245 | 0 | _a"Internet Broadband, Multimedia Wireless" | |
| 250 | _a2ND | ||
| 260 |
_aNEW DELHI _bScitech _c2004 |
||
| 300 | _a6.18 | ||
| 500 | _aQuantity Number: 2 | ||
| 650 | _aElectronics | ||
| 942 | _cBK | ||
| 999 |
_c14573 _d14573 |
||